Gerencia por resultados / (Registro nro. 6094)
[ vista simple ]
| 000 -LEADER | |
|---|---|
| fixed length control field | 01340nam a2200301Ia 4500 |
| 003 - CONTROL NUMBER IDENTIFIER | |
| control field | OSt |
| 005 - DATE AND TIME OF LATEST TRANSACTION | |
| control field | 20201020170734.0 |
| 008 - FIXED-LENGTH DATA ELEMENTS--GENERAL INFORMATION | |
| fixed length control field | 191128s1991 ck a gr 000 0 spa d |
| 020 ## - INTERNATIONAL STANDARD BOOK NUMBER | |
| International Standard Book Number | 9586530019 |
| 040 ## - CATALOGING SOURCE | |
| Original cataloging agency | CO-JMCR |
| Transcribing agency | CO-JMCR |
| 041 0# - LANGUAGE CODE | |
| Language code of text/sound track or separate title | spa |
| 082 04 - DEWEY DECIMAL CLASSIFICATION NUMBER | |
| Classification number | 658.4012 / |
| Item number | R313g |
| Edition number | 23 |
| 100 1# - MAIN ENTRY--PERSONAL NAME | |
| Personal name | Reddin, Bill, |
| Relator term | autor |
| 9 (RLIN) | 11754 |
| 245 10 - TITLE STATEMENT | |
| Title | Gerencia por resultados / |
| Statement of responsibility, etc. | Bill Reddin ; traduccón, Jesús Villamizar Herrera ; revisón técnica, Humberto Serna Gómez |
| 260 ## - PUBLICATION, DISTRIBUTION, ETC. | |
| Place of publication, distribution, etc. | Bogotá : |
| Name of publisher, distributor, etc. | Legis, |
| Date of publication, distribution, etc. | 1991. |
| 300 ## - PHYSICAL DESCRIPTION | |
| Extent | xxii, 367 páginas : |
| Other physical details | diagramas a blanco y negro ; |
| Dimensions | 24 cm. |
| 490 0# - SERIES STATEMENT | |
| Series statement | Serie empresarial |
| 500 ## - GENERAL NOTE | |
| General note | Incluye glosario, datos biográficos del autor en solapa posterior. |
| 505 0# - FORMATTED CONTENTS NOTE | |
| Formatted contents note | Los principios -- La aplicación -- Los beneficios -- Estudios de caso |
| 520 0# - SUMMARY, ETC. | |
| Summary, etc. | El autor explica cómo crear objetivos cuantificables para cada tarea clave y cómo estar seguros que actividad y autoridad van de la mano. Los métodos que él explica se están utilizando con éxito en centenares de organizaciones de todo el mundo. |
| 534 ## - ORIGINAL VERSION NOTE | |
| Introductory phrase | The Output Oriented Manager |
| 546 ## - LANGUAGE NOTE | |
| Language note | Traducido del inglés |
| 650 24 - SUBJECT ADDED ENTRY--TOPICAL TERM | |
| Topical term or geographic name entry element | Gerentes |
| 9 (RLIN) | 11394 |
| 650 24 - SUBJECT ADDED ENTRY--TOPICAL TERM | |
| Topical term or geographic name entry element | Aptitud de mando |
| 9 (RLIN) | 165 |
| 700 1# - ADDED ENTRY--PERSONAL NAME | |
| Personal name | Villamizar Herrera, Jesús, |
| Relator term | traductor |
| 9 (RLIN) | 11755 |
| 700 1# - ADDED ENTRY--PERSONAL NAME | |
| Personal name | Serna Gómez, Humberto, |
| Relator term | revisor |
| 9 (RLIN) | 11756 |
| 942 ## - ADDED ENTRY ELEMENTS (KOHA) | |
| Source of classification or shelving scheme | Dewey Decimal Classification |
| Koha item type | Books |
| Withdrawn status | Lost status | Source of classification or shelving scheme | Materials specified (bound volume or other part) | Damaged status | Not for loan | Home library | Current library | Shelving location | Date acquired | Source of acquisition | Total Checkouts | Full call number | Barcode | Date last seen | Date last checked out | Copy number | Price effective from | Koha item type |
|---|---|---|---|---|---|---|---|---|---|---|---|---|---|---|---|---|---|---|
| Dewey Decimal Classification | Donación--15/04/2018-- | Biblioteca Pública José María del Castillo y Rada | Biblioteca Pública José María del Castillo y Rada | General Stacks | 11/28/2019 | Donación | 1 | 658.4012 / R313g | 430012025 | 04/11/2025 | 04/10/2025 | Ej.1 | 11/28/2019 | Books |